Ekonomie regulace: Velké korporace

Salvato in:
Dettagli Bibliografici
Ente Autore: Univerzita Karlova. Právnická fakulta. Katedra národního hospodářství
Natura: Libro
Lingua:ceco
Pubblicazione: Praha Nakladatelství Vladimír Lelek 2012
Soggetti:
Tags: Aggiungi Tag
Nessun Tag, puoi essere il primo ad aggiungerne!!

MARC

LEADER 00000nam a2200000 4500
001 0178823
005 20230116071846.3
020 |a 978-80-904837-2-9 
041 0 |a cze 
044 |a CZ 
245 1 0 |a Ekonomie regulace: Velké korporace  |c kolektiv autorů 
264 1 |a Praha  |b Nakladatelství Vladimír Lelek  |c 2012 
300 |a 119 s. 
610 2 0 |a podnik veľký 
610 2 0 |a korporácie 
610 2 0 |a kríza hospodárska 
610 2 0 |a oligopoly 
610 2 0 |a veľkosť podnikov 
610 2 0 |a dejiny teórií ekonomických 
610 2 0 |a správanie organizačné 
610 2 0 |a pomoc štátna 
610 2 0 |a regulácia 
610 2 0 |a podpora štátna 
710 2 |a Univerzita Karlova. Právnická fakulta. Katedra národního hospodářství